00447nam a2200169 a 4500001001300000003000900013005001700022008004100039020002200080082001700102100002500119245004300144260003100187300000800218500003500226650001600261nice12345678IN_TiNIC20260116014652.0081016s2003 dela grp 000 0 eng  a8188822035 c2000a340.59bGHA1 aGhani, M Mufti Abdul aRights of Husband and Wife of in Islam aDelhibRightway Pub c2003 a34p aincludes index and biblioraphy aIslamic-Law